Alle GÖNRGY-Sorten 2026 - Statistiken

Allgemein
  • Dieses Quiz wurde 13 mal gespielt
  • Das Durchschnittsergebnis liegt bei 8 aus 18
Antwortstatistiken
Bildquiz Antwort % Korrekt
Apfelringe
75%
White Peach
67%
Cola Cherry
58%
Kaktus Kick
58%
Pflaume Zimt
58%
Blueberry Coconut
50%
Boost Berries
50%
Paradise Punch
50%
Arctic Ice
42%
Raspberry Cheesecake
42%
Sweet Lemon
42%
Viva Fundarina
42%
Black Acai
33%
Erdbeere Aprikose
33%
Juneberry Jam
33%
Mango Slam
33%
Tropical Guave
25%
Tropical Exotic
17%
Keine übereinstimmenden Quizze gefunden
Verteilung der Resultate
Anzahl Personen mit jedem Resultat
Perzentil nach korrekt beantworteten Fragen
Ihre Resultats-Entwicklung
Sie haben dieses Quiz noch nicht gespielt